| 000 | 00330nam a2200121Ia 4500 | ||
|---|---|---|---|
| 008 | 190216s9999||||xx |||||||||||||| ||und|| | ||
| 100 | _aRao S B | ||
| 245 | 0 | _aManagement Theories And Principles And Practices | |
| 260 |
_bLondon Staples Press _c1977 |
||
| 300 | _a235p | ||
| 650 | _aManagement & Auxiliary Services | ||
| 942 | _cBK | ||
| 999 |
_c4547 _d4547 |
||